Państwa, które pokonują Włochy - Statystyki

Ogólne statystyki
  • Ten quiz został rozwiązany 2 868 razy
    2 806 od ostatniego zresetowania
  • Średni wynik to 10 z 15
Statystyki odpowiedzi
Ranga Kategoria Państwo % Poprawnych
2 (remis) Najwięcej zwycięstw w męskich mistrzostwach świata w piłce nożnej Brazylia
96%
4 Źródło największej ilości imigrantów do USA(1820–2021) Meksyk | Niemcy | Wielka Brytania
91%
4 Najludniejsze państwo kończące się na literę Y Niemcy | Filipiny | Chiny
88%
5 (remis) Największa liczba wysp z populacją co najmniej 1,5 mln Indonezja | Filipiny | Japonia | Chiny
83%
8 Najwcześniej zamieszkana stolica Syria | Liban | Izrael | Grecja | Turcja | Cypr | Chiny | Armenia
78%
2 Najdłuższa linia brzegowa spośród państw śródziemnomorskich Grecja
76%
2 Najbardziej na południe wysunięte państwo europejskie (na podstawie JetPunk) Grecja
72%
16 Państwo z największym procentem katolików Watykan | Timor Wschodni | San Marino | Paragwaj | Andora | Malta | Monako | Gwinea Równikowa | Portugalia | Chorwacja | Filipiny | Republika Zielonego Przylądka | Litwa | Seszele | Liechtenstein
71%
4 Państwo z największą liczbą Albańczyków *Nie uwzględniając Albanii Kosowo | Macedonia Północna | Grecja
70%
2 (remis) Najwyższy szczyt w Europie Rosja
60%
5 Źródło największej liczby urodzonych za granicą mieszkańców Francji (aktualnie) Algieria | Maroko | Portugalia | Tunezja
58%
3 Najwyższa mediana wieku Monako | Japonia
56%
6 Najwyższe podatki według procent PKB (2020) Francja | Dania | Belgia | Szwecja | Finlandia
43%
3 W promieniu 100 km od największej ilości innych krajów Chiny | Rosja
37%
2 Najmniejsze państwo G7 według powierzchni Wielka Brytania
33%
Nie znaleziono quizów pasujących do podanych kryteriów
Rozkład punktacji
Procent ludzi z każdym wynikiem
Percentyl według liczby udzielonych odpowiedzi
Twoja historia wyników
Nie rozwiązałeś tego quizu od ostatniego zresetowania